[Event "Pan American Intercollegiate-chT"]
[Site "Chess.com INT"]
[Date "2021.01.04"]
[Round "1"]
[White "Garcia Morales, Gaspar"]
[Black "Beradze, Irakli"]
[Result "0-1"]
[WhiteElo "1809"]
[BlackElo "2475"]
[PlyCount "82"]
[EventDate "2021.01.04"]
[EventType "team-swiss (rapid)"]
[EventRounds "9"]
[EventCountry "USA"]
[SourceTitle "CBM 200 Extra"]
[Source "ChessBase"]
[SourceDate "2021.03.31"]
[SourceVersion "1"]
[SourceVersionDate "2021.03.31"]
[SourceQuality "1"]
[WhiteTeam "Chihuahua"]
[BlackTeam "Texas Rio Grande Valley Univ II"]
[WhiteTeamCountry "MEX"]
[BlackTeamCountry "USA"]

1. c4 Nf6 2. g3 g6 3. Bg2 Bg7 4. Nc3 0-0 5. Nf3 d6 6. 0-0 Nc6 7. d3 a6 8. a3 Bd7 9. Qc2 Qc8 10. Re1 Bg4 11. e3 Qf5 12. Nd2 Bh3 13. Nf1 Bxg2 14. Kxg2 Ne5 15. e4 Qf3+ 16. Kg1 Qxd3 17. Qxd3 Nxd3 18. Rd1 Nc5 19. f3 Nb3 20. Rb1 Nxc1 21. Rbxc1 c6 22. Ne3 Nd7 23. Kf2 a5 24. Rc2 a4 25. f4 Nc5 26. Kf3 Ra6 27. Na2 Ne6 28. Kf2 Rd8 29. Nb4 Raa8 30. Rcd2 Nc5 31. Kf3 Nb3 32. Rd3 Bxb2 33. Nbc2 Rab8 34. Rb1 Bg7 35. Nb4 b5 36. Nxc6 bxc4 37. Nxb8 cxd3 38. Nc6 Nd2+ 39. Kg2 Nxb1 40. Nxd8 Nxa3 41. Nc6 Nc2 0-1

[Event "Guillermo Garcia Memorial op 24th"]
[Site "Santa Clara"]
[Date "2015.06.05"]
[Round "3"]
[White "Morales Garcia, Alexei"]
[Black "Garcia Morales, Gaspar"]
[Result "1/2-1/2"]
[WhiteElo "2126"]
[BlackElo "1759"]
[PlyCount "54"]
[EventDate "2015.06.03"]
[EventType "swiss"]
[EventRounds "9"]
[EventCountry "CUB"]
[SourceTitle "CBM 167 Extra"]
[Source "ChessBase"]
[SourceDate "2015.09.14"]
[SourceVersion "1"]
[SourceVersionDate "2015.09.14"]
[SourceQuality "1"]

1. d4 Nf6 2. Nf3 e6 3. g3 Be7 4. Bg2 0-0 5. 0-0 d5 6. c4 c6 7. Nc3 Nbd7 8. b3 b6 9. Qc2 Bb7 10. Bb2 Rc8 11. Rad1 Qc7 12. e4 dxe4 13. Nxe4 c5 14. Nc3 cxd4 15. Nb5 Qb8 16. Nbxd4 Qa8 17. Qe2 Bc5 18. h4 Rcd8 19. a3 a5 20. Nb5 Ne4 21. Kh2 Ndf6 22. Nfd4 e5 23. Nc7 Qc8 24. Bxe4 Nxe4 25. Nd5 Bxd5 26. cxd5 Nxg3 27. fxg3 exd4 1/2-1/2